| 000 | 01162cam a22003135i 4500 | ||
|---|---|---|---|
| 001 | 18207590 | ||
| 003 | PILC | ||
| 005 | 20150601091042.0 | ||
| 008 | 140701s2014 stka 000 0 eng | ||
| 010 | _a 2014395542 | ||
| 020 | _a9789812729613 | ||
| 040 |
_aDLC _beng _cDLC _erda |
||
| 042 | _apcc | ||
| 050 |
_aRT 69 _b.W354 2012 |
||
| 100 | 1 |
_aWaugh, Anne, _eauthor. |
|
| 245 | 1 | 0 |
_aRoss and Wilson anatomy and physiology colouring and workbook / _cAnne Waugh, Allison Grant ; illustrations by Graeme Chambers. |
| 246 | 3 | 0 | _aAnatomy and physiology colouring and workbook |
| 250 | _a3rd edition. | ||
| 260 |
_aEdinburgh : _bElsevier, _c2012. |
||
| 300 |
_a325 pages : _c28 cm. _billustrations ; |
||
| 500 | _aPrevious edition: Edinburgh: Churchill Livingstone Elsevier, 2010. | ||
| 650 | 0 |
_aHuman anatomy _vProblems, exercises, etc. |
|
| 650 | 0 |
_aHuman physiology _vProblems, exercises, etc. |
|
| 700 | 1 |
_aGrant, Allison _q(Allison Wynn), _d1961- _eauthor. |
|
| 700 | 1 |
_aChambers, Graeme, _eillustrator. |
|
| 906 |
_a0 _bibc _corigres _d2 _encip _f20 _gy-gencatlg |
||
| 942 |
_2lcc _cBK _kFOR |
||
| 999 |
_c284537 _d284537 |
||